| 000 | 00468nam a2200181Ia 4500 | ||
|---|---|---|---|
| 003 | GCL | ||
| 008 | 140319s9999 xx 000 0 eng d | ||
| 040 |
_aGCL / _cGCL |
||
| 082 | 0 | 4 |
_aCH _b891.7 _bY C |
| 100 | 1 | _aYASHKIN, LEONID | |
| 245 | 1 | 0 |
_aCARDBOARD CLOCK SQUARE / _cYASHKIN, LEONID |
| 260 |
_a[S.N] : _bPROGRESS PUBLISHERS ، _c1979 |
||
| 300 | _a78 P | ||
| 650 | 0 | 4 | _aCHILDREN |
| 650 | 0 | 4 | _aRUSSIAN LITERATURE |
| 650 | 0 | 4 | _aRUSSIA - FICTION |
| 942 |
_2ddc _cBK |
||
| 999 |
_c15209 _d15209 |
||